000 00321 a2200145 4500
001 180425
020 _a
040 _cMagnum
100 _aAlencar, José de
240 1 0 _aO guarany vol.2 / bentivegna
_lpor
245 1 0 _aO guarany vol.2 / bentivegna
362 0 _a1899
697 _aMAGNITO: A/ROMANCE
942 _cBK
999 _c180425
_d180425